Управление персоналом в учреждениях социально-культурной сферы учебно-методическое пособие
В учебно-методическом пособии рассматриваются технологии и принципы управления персоналом в учреждениях социально-культурной сферы. Учебно-методическое пособие предназначено для обучающихся, изучающих дисциплину «Управление персоналом» по направлению подготовки 51.04.03 «Социально-культурная деятель...
שמור ב:
| פורמט: | Книга |
|---|---|
| שפה: | Russian |
| יצא לאור: |
Белгород
БГИИК
2020
|
| גישה מקוונת: | https://e.lanbook.com/book/153866 https://e.lanbook.com/img/cover/book/153866.jpg |
| תגים: |
הוספת תג
אין תגיות, היה/י הראשונ/ה לתייג את הרשומה!
|
| LEADER | 01817nam0a2200241 i 4500 | ||
|---|---|---|---|
| 001 | 153866 | ||
| 003 | RuSpLAN | ||
| 005 | 20221220174105.0 | ||
| 008 | 221220s2020 ru gs 000 0 rus | ||
| 040 | |a RuSpLAN | ||
| 041 | 0 | |a rus | |
| 044 | |a ru | ||
| 080 | |a 379.8:005.95(075.8) | ||
| 084 | |a 77.4я73+65.291.21я73 |2 rubbk | ||
| 245 | 0 | 0 | |a Управление персоналом в учреждениях социально-культурной сферы |b учебно-методическое пособие |
| 260 | |a Белгород |b БГИИК |c 2020 | ||
| 300 | |a 76 с. | ||
| 504 | |a Библиогр.: доступна в карточке книги, на сайте ЭБС Лань | ||
| 520 | 8 | |a В учебно-методическом пособии рассматриваются технологии и принципы управления персоналом в учреждениях социально-культурной сферы. Учебно-методическое пособие предназначено для обучающихся, изучающих дисциплину «Управление персоналом» по направлению подготовки 51.04.03 «Социально-культурная деятельность», может быть использовано преподавателями вузов культуры и искусств, работниками культурно-досуговой сферы, руководящими работниками сферы культуры. | |
| 521 | 8 | |a Книга из коллекции БГИИК - Экономика и менеджмент | |
| 856 | 4 | |u https://e.lanbook.com/book/153866 | |
| 856 | 4 | 8 | |u https://e.lanbook.com/img/cover/book/153866.jpg |
| 953 | |a https://e.lanbook.com/img/cover/book/153866.jpg | ||